000 00316nam a2200133Ia 4500
005 20260328104310.0
008 260328s9999||||xx |||||||||||||| ||und||
100 _aFernández, Manuel
245 0 _aLa República /
_cManuel Fernández
260 _bAlianza
300 _a605 p.
650 _aClasico
942 _cBK
999 _c10936
_d10936